Music Quiz

Random Music or Lyrics Quiz

My Heart Will Go On Clicky-oke Quiz Stats

 Plays Quiz Updated Jan 23, 2016

Challenge
Share
Tweet
Embed
Score 0/14 Timer 03:00
6 Plays Today
% Correct
I see you, I feel you,
96.1%
I believe that the heart does go on
74.9%
Far across the distance
70%
One true time I hold to
65%
There's nothing I fear,
64.9%
And you're here in my heart
63.3%
And my heart will go on and on
62.1%
% Correct
And my heart will go on and on
61.9%
You have come to show you go on
61.1%
Near, far, wherever you are
59%
Love can touch us one time
58.3%
Once more you open the door
53.2%
We'll stay forever this way
48.1%
And never let go till we're gone
47.4%

You're not logged in!

Compare scores with friends on all Sporcle quizzes.
OR
Log In

You Might Also Like...

Show Comments

Extras

Top Quizzes Today


Score Distribution

Your Account Isn't Verified!

In order to create a playlist on Sporcle, you need to verify the email address you used during registration. Go to your Sporcle Settings to finish the process.

Report this User

Report this user for behavior that violates our Community Guidelines.

Details: